000 01108nam a2200337 i 4500
003 EG-GICUC
005 20260221093916.0
008 260221s1991 -uk fr|||| 001 0 eng d
020 _a0949009946
040 _aEG-GiCUC
_beng
_cEG-GiCUC
_dEG-GiCUC
_erda
041 0 _aeng
082 0 4 _221
_a341.52
_bME . I
092 0 4 _221
099 _aLaw1 11 341.52 ME . I 2 ed - 1991
100 1 _aMerrills, J. G
_eAuthor.
245 1 0 _aInternational Dispute Settlement /
_cBy J. G. Merrills, B.c.l., M.α.
250 _aSecond Edition.
264 1 _aCambridge :
_bGrotius Publications Limited,
_c1991.
300 _a288 pages,
_c24 cm
336 _2rda content
_atext
337 _2rda media
_aComputer
338 _2rda carrier
_aOnline Resource
504 _aIncludes bibliographical references and index.
546 _aText in English
590 _aإهداء مكتبة الأستاذ الدكتور صلاح عامر
650 1 4 _aPublic international law
_2
651 1 _2
856 4 0 _uhttps://fll.law.cu.edu.eg/fulltext/bks/B11-08107.pdf
905 _a48
942 _2ddc
_cBK
_e21
_n0
999 _c63943
_d63943